Ballon d'or 2010 - Statistiques

Statistiques générales
  • Ce quiz a été pris 282 fois
    231 depuis la dernière actualisation
  • Le résultat moyen est 14 sur 23
Statistiques - réponses
Rang Joueurs Nationalité Points % Correct
1 Lionel Messi Argentine 868
99%
2 Andrés Iniesta Espagne 666
97%
6 Cristiano Ronaldo Portugal 140
95%
3 Xavi Espagne 632
95%
9 Didier Drogba Côte d'Ivoire 64
84%
12 Samuel Eto'o Cameroun 53
82%
5 Diego Forlán Uruguay 292
81%
7 Iker Casillas Espagne 111
74%
8 David Villa Espagne 86
73%
14 Arjen Robben Pays-Bas 44
70%
15 Thomas Müller Allemagne 35
68%
4 Wesley Sneijder Pays-Bas 555
67%
11 Carles Puyol Espagne 55
63%
21 Miroslav Klose Allemagne 7
51%
Philipp Lahm Allemagne 2
48%
10 Xabi Alonso Espagne 58
43%
Cesc Fàbregas Espagne 8
39%
16 Bastian Schweinsteiger Allemagne 29
38%
22 Dani Alves Brésil 2
37%
13 Mesut Özil Allemagne 46
33%
18 Asamoah Gyan Ghana 18
29%
19 Júlio César Brésil 8
19%
17 Maicon Douglas Brésil 22
18%
Aucun quiz correspondant
Distribution des résultats
% des personnes avec chaque résultat
Percentile par nombre de réponses
Votre historique - résultats
Vous n’avez pas pris ce quiz depuis la dernière actualisation